Szwecja Norwegia Finlandia czy Dania? #2 - Statystyki

Ogólne statystyki
  • Ten quiz został rozwiązany 55 razy
  • Średni wynik to 12 z 16
Statystyki odpowiedzi
Zagadnienie Odpowiedź % Poprawnych
Jest największym eksporterem łososia. Norwegia
91%
Ma najbardziej wysunięty na Północ punkt KONTYNENTALNEJ Europy. Norwegia
91%
Graniczy z Kanadą. Dania
88%
Jest na drugim miejscu pod względem największych złóż ropy naftowej w Europie. Norwegia
86%
Brała udział w wojnie zimowej. Finlandia
84%
Wynaleziono tam dynamit. Szwecja
81%
Ma najwięcej jezior spośród państw europejskich. Finlandia
79%
Jest powiązany z tajemnicami i zastrzeżonymi operacjami Skippera z "Pingwinów z Madagaskaru" Dania
72%
Stamtąd pochodzi gra Minecraft. Szwecja
72%
Wygrało kiedyś Euro w piłkę nożną. Dania
65%
Ma najstarszą flagę. Dania
65%
Grała kiedyś w finale mistrzostw świata w Piłkę nożną. Szwecja
65%
Powstała tam gra Angry Birds. Finlandia
63%
Pierwszym królem tego państwa był Harald Pięknowłosy. Norwegia
53%
Posiada najwięcej wysp. Szwecja
53%
Jest państwem nordyckim, ale nie skandynawskim. Finlandia
51%
Nie znaleziono quizów pasujących do podanych kryteriów
Rozkład punktacji
Procent ludzi z każdym wynikiem
Percentyl według liczby udzielonych odpowiedzi
Twoja historia wyników
Nie rozwiązałeś tego quizu